00265 a2200097 450000100060000008200160000610000200002224500830004226000330012530000090015833964 a920.092 RIC aStrother, S. C. aLeaders; meetings of the President Nixon with other great leaders [urdu]hUrdu aLahorebTakhleeqat Pubc2001 a367p